Resort Towns by Picture - Statistics

General Stats
  • This quiz has been taken 25 times
  • The average score is 6 of 16
Answer Stats
Picture Hint Answer % Correct
Greece Santorini
83%
France Nice
78%
United States Aspen
70%
Thailand Phuket
70%
United Kingdom Brighton
61%
Russia Sochi
52%
Belgium Spa
48%
Canada Whistler
39%
Italy Amalfi
30%
Czechia Karlovy Vary
22%
Turkey Bodrum
17%
Croatia Pula
17%
New Zealand Queenstown
13%
China Sanya
13%
South Africa Sun City
4%
Georgia Borjomi
0%
No matching quizzes found
Score Distribution
Percent of People with Each Score
Percentile by Number Answered
Your Score History
You have not taken this quiz